Statystyki dla Role piłkarza według pozycji

Kliknij tutaj aby rozwiązać quiz!

Ogólne statystyki

  • Ten quiz został rozwiązany 150 razy
  • Średni wynik to 9 z 55

Statystyki odpowiedzi

PozycjaRola% Poprawnych
BramkarzBramkarz
69%
Środkowy ObrońcaŚrodkowy Obrońca
39%
Defensywny PomocnikSwobodny Rozgrywający
38%
Środkowy PomocnikSwobodny Rozgrywający
38%
Boczny ObrońcaBoczny Obrońca
36%
Boczny PomocnikSkrzydłowy
34%
Boczny Ofensywny PomocnikSkrzydłowy
34%
Środkowy PomocnikŚrodkowy Pomocnik
31%
Środkowy ObrońcaLibero
27%
Wysunięty NapastnikFałszywa 9
26%
Wysunięty NapastnikWysuniety Napastnik
26%
Boczny ObrońcaBoczny Wysunięty Obrońca
23%
Boczny Wysunięty ObrońcaBoczny Wysunięty Obrońca
23%
Boczny Ofensywny PomocnikSchodzący Napastnik
23%
BramkarzBramkarz-Libero
22%
Defensywny PomocnikDefensywny Pomocnik
21%
Wysunięty NapastnikCofnięty Napastnik
18%
Środkowy Ofensywny PomocnikOfensywny Pomocnik
17%
Boczny PomocnikBoczny Pomocnik
15%
Boczny Ofensywny PomocnikKlasyczna 10
15%
Wysunięty NapastnikKlasyczna 10
15%
Środkowy Ofensywny PomocnikKlasyczna 10
15%
Boczny Ofensywny PomocnikOdwrócony Skrzydłowy
15%
Boczny PomocnikOdwrócony Skrzydłowy
15%
Defensywny PomocnikCofnięty Rozgrywający
12%
Środkowy PomocnikCofnięty Rozgrywający
12%
Wysunięty NapastnikLis Pola Karnego
12%
Wysunięty NapastnikNękający Napastnik
12%
Środkowy ObrońcaObrońca Grający Piłką
12%
Środkowy PomocnikWysunięty Rozgrywający
12%
Boczny Ofensywny PomocnikWysunięty Rozgrywający
12%
Środkowy Ofensywny PomocnikWysunięty Rozgrywający
12%
Wysunięty NapastnikKompletny Napastnik
11%
Środkowy PomocnikMezzala
11%
Defensywny PomocnikCofnięty Pomocnik
10%
Wysunięty NapastnikOdgrywający
10%
Środkowy PomocnikPomocnik Odbierający Piłkę
10%
Defensywny PomocnikPomocnik Odbierający Piłkę
10%
Środkowy PomocnikPomocnik Długodystansowiec
9%
Defensywny PomocnikRygiel Defensywy
9%
Defensywny PomocnikSegundo Volante
9%
Środkowy ObrońcaTradycyjny Środkowy Obrońca
9%
Środkowy Ofensywny PomocnikFałszywy Napastnik
8%
Środkowy PomocnikCarillero
7%
Boczny PomocnikDefensywny Skrzydłowy
7%
Środkowy Ofensywny PomocnikEnganche
7%
Boczny Wysunięty ObrońcaKompletny Boczny Wysunięty Obrońca
7%
Boczny ObrońcaKompletny Boczny Wysunięty Obrońca
7%
Boczny Ofensywny PomocnikRaumdeuter
7%
Defensywny PomocnikRegista
7%
Boczny ObrońcaTradycyjny Boczny Obrońca
7%
Boczny PomocnikBoczny Rozgrywający
6%
Boczny Ofensywny PomocnikBoczny Odgrywający
4%
Boczny Wysunięty ObrońcaOdwrócony Cofnięty Skrzydłowy
4%
Boczny ObrońcaOdwrócony Cofnięty Skrzydłowy
4%

Rozkład punktacji

Percentyl według liczby udzielonych odpowiedzi

Procent ludzi z każdym wynikiem

Twoja historia wyników

Nie rozwiązałeś tego quizu